АТЛАС спектров углеродного магнитного резонанса. Вып. 6: Прямые константы спин-спинового взаимодействия 13С-13С гетероатомных соединений (Запись № 7495530)

Подробности
000 -МАРКЕР
контрольное поле 01546nam2a22002651 4500
001 - ИДЕНТИФИКАТОР ЗАПИСИ
контрольное поле rc\778703
005 - ИДЕНТИФИКАТОР ВЕРСИИ
контрольное поле 20250622135603.0
035 ## - ДРУГИЕ СИСТЕМНЫЕ НОМЕРА
Идентификатор записи (NLR Aleph) 006325994
100 ## - ДАННЫЕ ОБЩЕЙ ОБРАБОТКИ
Данные общей обработки 20040301d1988 |||y0rusy50 ca
101 0# - ЯЗЫК РЕСУРСА
Язык текста, звукозаписи и т.д. русский
102 ## - СТРАНА ПУБЛИКАЦИИ ИЛИ ПРОИЗВОДСТВА
Страна публикации Российская Федерация
105 ## - ПОЛЕ КОДИРОВАННЫХ ДАННЫХ: ТЕКСТОВЫЕ МАТЕРИАЛЫ, МОНОГРАФИЧЕСКИЕ
Кодированные данные о монографическом текстовом документе a |||||||||
200 1# - ЗАГЛАВИЕ И СВЕДЕНИЯ ОБ ОТВЕТСТВЕННОСТИ
Основное заглавие Прямые константы спин-спинового взаимодействия 13С-13С гетероатомных соединений
Первые сведения об ответственности Науч.-техн. центр хим. информатики
Последующие сведения об ответственности [Подгот. Л.Б. Кривдин и др.]
210 ## - ПУБЛИКАЦИЯ, РАСПРОСТРАНЕНИЕ И ДР.
Дата издания, распространения и т.д. 1988
Место издания, распространения и т.д. Б. м.
215 ## - ФИЗИЧЕСКАЯ ХАРАКТЕРИСТИКА
Специфическое обозначение материала и объем 382 с.
Другие сведения о физической характеристике ил.
320 ## - ПРИМЕЧАНИЯ О НАЛИЧИИ В ДОКУМЕНТЕ БИБЛИОГРАФИИ / УКАЗАТЕЛЯ
Текст примечания Библиогр.: с. 359-362 (40 назв.)
320 ## - ПРИМЕЧАНИЯ О НАЛИЧИИ В ДОКУМЕНТЕ БИБЛИОГРАФИИ / УКАЗАТЕЛЯ
Текст примечания Формул. указ.: с. 363-381
461 #0 - УРОВЕНЬ НАБОРА
Встроенное поле 001rc\778700
-- 2001#$aАТЛАС спектров углеродного магнитного резонанса$fПод ред. акад. В.А. Коптюга и к. х. н. М.И. Подгорной$gАН СССР. Сиб. отд-ние, Новосиб. ин-т орган. химии, Науч.-информ. центр по молекуляр. спектроскопии$vВып. 6
Системный номер (АБИС) связанной записи 7495501
Место публикации Новосибирск
Дата публикации 1984-
Первые сведения об ответственности Под ред. акад. В.А. Коптюга и к. х. н. М.И. Подгорной
Имя издателя, распространителя и т.д. НИОХ
Заглавие АТЛАС спектров углеродного магнитного резонанса
Номер тома Вып. 6
702 #1 - ИМЯ ЛИЦА - ВТОРИЧНАЯ ОТВЕТСТВЕННОСТЬ
Начальный элемент ввода Кривдин
Часть имени, кроме начального элемента ввода Л.Б.
Код отношения Прочие
801 #0 - ИСТОЧНИК ЗАПИСИ
Страна Российская Федерация
Организация NLR
Правила каталогизации psbo
801 #1 - ИСТОЧНИК ЗАПИСИ
Страна Российская Федерация
Организация ELAR
Источник данных rusmarc
852 ## - МЕСТОНАХОЖДЕНИЕ И ШИФР ХРАНЕНИЯ
Идентификатор организации NLR
Шифр хранения (Call Number) 87-5/3357
942 ## - ДОПОЛНИТЕЛЬНЫЕ ЭЛЕМЕНТЫ ЗАПИСИ (АБИС)
Тип экземпляра АБИС Книга
980 ## - КОЛЛЕКЦИЯ
Название коллекции Национальная библиография
Экземпляры
Тип экземпляра Дата поступления Библиотека постоянного хранения Библиотека текущего хранения Место хранения Шифр хранения Штрих-код Статус экземпляра
Книга 26.10.2013 РНБ (Московский) РНБ (Московский) Русский книжный фонд: издания с 1957 года 87-5/3357 6325994-10